Statistics for August 14th: Birthdays

Click here to take the quiz!

General Stats

  • This quiz has been taken 4 times
  • The average score is 3 of 10

Answer Stats

YearClueAnswer% Correct
1959NBA LegendMagic Johnson
100%
1945Actor in ParenthoodSteve Martin
75%
1742PopePius VII
50%
1950Made Far Side
Gary Larson
25%
1851GunfighterDoc Holliday
25%
1966Actress in X-Men: The Last StandHalle Berry
25%
1926Author of AsterixRené Goscinny
25%
1947Author of ZoyaDanielle Steel
0%
1881Actor in The Quiet ManFrancis Ford
0%
1777Danish ChemistHans Christian Ørsted
0%

Score Distribution

Percentile by Number Answered

Percent of People with Each Score

Your Score History

You have not taken this quiz